Kavárna na hlavní třídě.

Bibliographic Details
Main Author: Včelička, Géza, 1901-
Format: Book
Language:Czech
Published: Praha : Československý spisovatel, 1963]
Edition:[Vyd. 6., v Čs. spisovateli 2.
Series:Edice Žatva. Ilustrovaná řada ; sv. 13.

MARC

Tag First Indicator Second Indicator Subfields
LEADER 00000cam a2200000 4500
001 in00001402887
005 20151020053054.0
008 850313s1963 cs a 000 1 cze
010 |a  64030304  
035 |a (OCoLC)11798615 
035 |9 AHM6925AM 
040 |a DLC  |c NOC  |d UtOrBLW 
049 |a TXAM 
050 0 0 |a PG5038.V4  |b K3 1963 
100 1 |a Včelička, Géza,  |d 1901- 
245 1 0 |a Kavárna na hlavní třídě. 
250 |a [Vyd. 6., v Čs. spisovateli 2. 
264 1 |a Praha :  |b Československý spisovatel,  |c 1963] 
300 |a 247 pages :  |b illustrations ;  |c 25 cm. 
336 |a text  |b txt  |2 rdacontent 
337 |a unmediated  |b n  |2 rdamedia 
338 |a volume  |b nc  |2 rdacarrier 
490 1 |a Žatva. Ilustrovaná řada ;  |v sv. 13 
541 0 |a Donated by Mr. and Mrs. Peter Lampa. 
830 0 |a Edice Žatva.  |p Ilustrovaná řada ;  |v sv. 13. 
999 |a MARS 
999 f f |s 07127f3e-6cc4-38d9-8095-76b56d12c4f2  |i ef006439-dad0-3ee3-9c90-f275ffd3892b  |t 0 
952 f f |p ric  |a Texas A&M University  |b Rellis Campus  |c Joint Library Facility  |d Remote Storage  |t 0  |e PG5038.V4 K3 1963  |h Library of Congress classification  |i unmediated -- volume  |m A14822018416 
998 f f |a PG5038.V4 K3 1963  |t 0  |l Remote Storage